1641 1808 1854 1738 1983 1317 1492 1609 1953 1530 1918 1678 1078 1205 1726 1997 1400 1748 1056 1117 1577 1063 1252 1337 1290 1770 1311 1678 1261 1124 1627 1354 1926 1279 1588 1021 1832 1232 1757 1289 1436 1254 1507 1138 1816 1756 1383 1469 1211 1291 1145 1964 1397 1061 1766 1200 1410 1951 1386 1685 1350 1644 1550 1042 1861 1561 1647 1984 1721 1198 1395 1689 1853 1721 1728 1440 1846 1812 1196 1157 1188 1063 1242 1880 1091 1450 1475 1291 1779 1567 1418 1584 1091 1660 1250 1344 1536 1273 1453 BCNSPRNW ULIB Ver.6.0+V

เปลี่ยนเป็นภาษาไทย

Change to English
 แสดงรายละเอียดบรรณานุกรม
  กลับหน้าหลัก

Brief Record : Get Marc (ISO 2709) : E-mail record : QR code < ปิดหน้าต่าง
LEADER : 00000nam 2200000uu 4500
001    13399127273
003     ULIB
008    200316s2562||||th 000 0 tha d
020    ^a9786162961878
060    ^aWQ100^bธ523ค
100    ^aธารางรัตน์ หาญประเสริฐพงษ์ และณัฐพร จันทร์ดียิ่ง
245    ^aคู่มือการให้คำแนะนำปรึกษาทางสูติศาสตร์ สำหรับแพทย์เวชปฏิบัติทั่วไป Obstetric counselling for general practitioners
250    ^aพิมพ์ครั้งที่ 1
260    ^aนครนายก :^bภาควิชาสูติศาสตร์และนรีเวชวิทยา คณะแพทยศาสตร์ มหาวิทยาลัยศรีนครินทรวิโรฒ,^c2562
300    ^a144 หน้า^bภาพประกอบ, ตาราง, ภาคผนวก
650    ^aสูติศาสตร์
945    ^p200^l0^i006642
945    ^p200^l0^i006643
945    ^p200^l0^i006644
945    ^p200^l0^i006645
945    ^p200^l0^i006646
999    ^aประนอม เกษจรัล
รายการนี้ยังไม่มีแท็ก
คุณยังไม่ได้ล็อกอิน คุณสามารถมีกิจกรรมร่วมกับเว็บไซต์ได้ แต่ต้องล็อกอินก่อน ::
  ล็อกอิน

รายการสื่อสารสนเทศ

ลำดับที่ ประเภท เลขเรียก/บาร์โค้ด สถานที่ สถานะ
1. วิทยาศาสตร์การแพทย์ และสุขภาพ
หนังสือสำรอง
สถานะ=หนังสือสำรอง
WQ100 ธ523ค ฉ.1 
  Barcode: 006642
ห้องสมุดวิทยาเขตสวรรค์ประชารักษ์
►หนังสือทั่วไป
บนชั้น
2. วิทยาศาสตร์การแพทย์ และสุขภาพ
วิทยาศาสตร์การแพทย์ และสุขภาพ
WQ100 ธ523ค ฉ.2 
  Barcode: 006643
ห้องสมุดวิทยาเขตสวรรค์ประชารักษ์
►หนังสือทั่วไป
บนชั้น
3. วิทยาศาสตร์การแพทย์ และสุขภาพ
วิทยาศาสตร์การแพทย์ และสุขภาพ
WQ100 ธ523ค ฉ.3 
  Barcode: 006644
ห้องสมุดวิทยาเขตสวรรค์ประชารักษ์
►หนังสือทั่วไป
บนชั้น
4. วิทยาศาสตร์การแพทย์ และสุขภาพ
วิทยาศาสตร์การแพทย์ และสุขภาพ
WQ100 ธ523ค ฉ.4 
  Barcode: 006645
ห้องสมุดวิทยาเขตสวรรค์ประชารักษ์
►หนังสือทั่วไป
บนชั้น
5. วิทยาศาสตร์การแพทย์ และสุขภาพ
วิทยาศาสตร์การแพทย์ และสุขภาพ
WQ100 ธ523ค ฉ.5 
  Barcode: 006646
ห้องสมุดวิทยาเขตสวรรค์ประชารักษ์
►หนังสือทั่วไป
บนชั้น

รายการใกล้เคียง
    ชื่อเรื่อง [คู่มือการให้คำแนะนำปรึกษาทางสูติศาสตร์ สำหรับแพทย์เวชปฏิบัติทั่วไป Obstetric counselling for general practitioners]

    ผู้แต่ง [ธารางรัตน์ หาญประเสริฐพงษ์ และณัฐพร จันทร์ดียิ่ง]

    หัวเรื่อง [สูติศาสตร์]

BibComment


ยังไม่เคยถูกคอมเมนท์

คอมเมนท์ทรัพยากรรายการนี้
  คอมเมนท์: คู่มือการให้คำแน..


 Copyright 2026. Bcnsprnw @Library